MDQL
is popping MORE tags! Check the
thread
!
Quizzes
Events
Quiz Creation
Community
Videos
Private Events
Remove Ads
Sign In
Join for FREE
Feedback
Dark Mode
Quiz Categories
Sports
Geography
Music
Movies
Television
Just For Fun
Miscellaneous
History
Literature
Language
Science
Gaming
Entertainment
Religion
Holiday
For Kids
Quiz Lab
Recent
Popular Today
Quiz Kudos Today
Editor Picks
Curator Picks
Quizzes by...
Day
Popularity
Type
Ratings
Length
Year
Community
Subscriptions
Recent Discussions
Orange Saloon
Badges
Playlists
Quests
Create
Leaderboards
Showdown
Live 5
Trivia Bingo
Activity
Puzzle Library
Sporcle Events
Private Events
Virtual Trivia
Globe League
Become a Host
Pub Owners
SporcleCon
Opinionation
Our Games
Videos
Blog
Mobile Apps
Partnerships
Remove Ads and Go Orange
Feedback
Sports
Athletes
MLB
NBA
NHL
NFL
Soccer
Sports Teams
WWE
NCAA
Football
Premier League
Basketball
Baseball
Hockey
Golf
Tennis
Cricket
Rugby
Auto Racing
Olympics
World Cup
Sports
Athletes
MLB
NBA
NHL
NFL
Soccer
Sports Teams
WWE
NCAA
Football
Premier League
Basketball
Baseball
Hockey
Golf
Tennis
Cricket
Rugby
Auto Racing
Olympics
World Cup
Random Quiz
Search Sporcle
×
Quiz Lab
Quiz Lab
Sports
Wins Leaders
Type in answers that appear in a list
Type in answers that appear in a list
Classic
Best Score? Go Orange.
Yankees All Time Wins Leaders Stats
Can you name the Yankees All Time Wins Leaders?
By
vball1020
12m
50 Questions
182 Plays
182 Plays
182 Plays
Comments
Comments
Give Quiz Kudos
Give Quiz Kudos
-
- Ratings
hide this ad
More Info
Replay
Link that replays current quiz
Next Quiz
Link to next quiz in quiz playlist
You Got
0%
They Got
Avg Score
46%
Avg Friend Score
Upgrade to see
Score Distribution
Jump to the score distribution portion of the page
Score
0/50
Timer
12:00
0
Plays Today
Number of Wins
Pitcher
% Correct
134
CC Sabathia
100%
82
Mariano Rivera
100%
236
Whitey Ford
97.3%
219
Andy Pettitte
96.7%
74
Russ Ford
95.6%
123
Mike Mussina
94%
83
Roger Clemens
94%
78
Masahiro Tanaka
93.3%
170
Ron Guidry
88.5%
68
David Wells
83.5%
64
David Cone
81.9%
189
Lefty Gomez
80.8%
91
Tommy John
78.6%
63
Jim 'Catfish' Hunter
77.5%
56
Phil Hughes
75.3%
231
Red Ruffing
73.1%
164
Mel Stottlemyre
73.1%
61
Orlando Hernandez
68.1%
74
Dave Righetti
63.2%
131
Allie Reynolds
62.6%
157
Waite Hoyt
62.1%
128
Jack Chesbro
62.1%
162
Herb Pennock
58.2%
57
Sparky Lyle
55.5%
120
Vic Raschi
50.5%
Number of Wins
Pitcher
% Correct
62
Ed Figueroa
48.4%
113
Eddie Lopat
46.7%
82
Bob Turley
46.2%
109
Fritz Peterson
42.3%
78
Ralph Terry
40.7%
109
Spud Chandler
37.9%
72
Al Downing
37.4%
168
Bob Shawkey
35.7%
80
Carl Mays
26.4%
67
Sam Jones
25.8%
93
Johnny Murphy
20.9%
93
George Pipgras
20.3%
61
Urban Shocker
18.1%
57
Joe Page
17.6%
96
Ray Caldwell
12.1%
72
Al Orth
9.3%
79
Tiny Bonham
7.1%
72
Tommy Byrne
6.6%
81
Jack Quinn
6%
62
Joe Bush
5.5%
63
Monte Pearson
4.4%
76
Ray Fisher
2.7%
56
Hank Borowy
2.7%
69
Jack Warhop
2.2%
65
Atley Donald
1.1%
Quiz Playlist
Details
Report
Send in Message
Add To Playlist
More Info:
Name the Yankees all time top 50 leaders in wins as of the end of the 2010 season. Does not include 2011 statistics.
Classic:
Type in answers that appear in a list
Last Updated: Feb 16, 2017
Quiz Scoreboard
CHALLENGE
Sign Up to Join the Scoreboard
Show All
Scores
Hide
Comments
May contain spoilers
Recently Published
Street Fighter Characters
by Artimus82
Gaming
60s
9x9 Crossword: Cartoon Network
by jackfrog10
Miscellaneous
3m
College Basketball Coaching Resumes
by pancakes188
Sports
9m
More to Explore
Quiz From the Vault
Featured Blog Post
Where Did the Easter Bunny Come From?
hide this ad
You Might Also Like...
Tags
All Time
Pitchers
team
Win
Wins Leaders
Today's Top Quizzes in Sports
Browse Sports
hide this ad
Today's Top Quizzes in Wins Leaders
Browse Wins Leaders
Top Contributed Quizzes in Sports
1
2022 World Cup Stars
2
Les meilleurs buteurs des matchs entre le PSG et l’OM
3
FIFA Club World Cup Champions
4
Les entraîneurs de l'OM et du PSG au 21e siècle
5
Criteria MLB: Left Handed Sluggers
6
2023 MLB Unique Player Accomplishments
7
AFC Teams Reveal (Wrong Answers Minefield)
8
5-to-1: FBS Animal Nicknames
9
Players with Multiple 50 Home Run Seasons
10
5-to-1: UK Sports Teams
Explore More
Trending Topics
NBA
Marvel
Kpop
Harry Potter
Crossword
Disney
Anime
NFL
WWE
Song
Soccer
Pokémon
The Office
Puzzle
Country
hide this ad
More By:
vball1020
Quiz
Plays
Rating
Category
Featured
Created
Multiple Wrestlemania Appearances
744
5.00
Sports
Feb 7, 2010
Female Wrestlers at Wrestlemania
596
4.20
Sports
Jan 30, 2010
Halloween Havoc Wrestlers
555
3.17
Sports
Jan 17, 2010
Yankee Games Played 1995-2010
482
5.00
Sports
Feb 20, 2010
Top 300 RBI Leaders
238
3.25
Sports
Oct 29, 2023
Go to Creator's Profile
Score Distribution
Quiz Creator Spotlight
vball1020
Follow
Send a Message
Quizzes Created
-
Created Quiz Play Count
-
More By This Creator
Popular Quizzes Today
1
Find the US States - No Outlines Minefield
2
Find the Countries of Europe - No Outlines Minefield
3
The Countries of the World
4
Find the US States
5
Risky Map Clicking: Biggest States A-Z
6
US States
7
Popular People in 1961
8
Movies - When Are They Set?
More Sports Quizzes
NFL Starting QBs (Baltimore Ravens)
Published
Trending Quizzes
Risky Map Clicking: Least Populous States A-Z
Countries of the World: 200 Million BC
Billboard Blitz: Aretha Franklin
1-10 Letter G Words
Famous Russians: Author or Composer?
Recently Updated
Leaping Animals
pecheneg
Reality TV Shows (A-Z)
bhenderson79
Rickey Henderson's Hall of Fame Teammates
pecheneg
Champions League XIs: Arsenal
pecheneg
Quick Pick: Celebrities in WWE's Hall of Fame
aduchscher
A-Z Keypad Blitz II
pecheneg
Multiple Oscar Actors
pecheneg
Mystery Phrase Blitz: Oscar 'Best Actors'
pecheneg
F. Scott Fitzgerald Novels
LTH
Pick 3 Villains
ddd62291
Trending Topics
Harry Potter
Crossword
NBA
Anime
Disney
Kpop
Marvel
WWE
The Office
Soccer
Puzzle
Country
Song
NFL
Pokémon
Your Account Isn't Verified!
In order to create a playlist on Sporcle, you need to verify the email address you used during registration. Go to your
Sporcle Settings
to finish the process.
Report this User
Report this user for behavior that violates our
Community Guidelines
.
Details:
Send Report
Go to the Sporcle.com Mobile Site →
Comments